LIBRARY & INFORMATION CENTRE, KCAET, TAVANUR

ONLINE PUBLIC ACCESS CATALOGUE (OPAC)

Soil Conservation and Land Management / (Record no. 7306)

MARC details
000 -LEADER
fixed length control field 00335cam a2200133ua 4500
020 ## - INTERNATIONAL STANDARD BOOK NUMBER
ISBN 8170892597
082 ## - DEWEY DECIMAL CLASSIFICATION NUMBER
Classification number 631.45
Item number DAT/SO
100 ## - MAIN ENTRY--AUTHOR NAME
Personal name Datta, S K .
245 ## - TITLE STATEMENT
Title Soil Conservation and Land Management /
250 ## - EDITION STATEMENT
Edition statement 1 /
260 ## - PUBLICATION, DISTRIBUTION, ETC. (IMPRINT)
Place of publication Dehra Dun
Name of publisher International Book Distributors ,
Year of publication 1999
300 ## - PHYSICAL DESCRIPTION
Number of Pages 330 ; .
942 ## - ADDED ENTRY ELEMENTS (KOHA)
Koha item type Books
Holdings
Withdrawn status Lost status Damaged status Home library Current library Date acquired Full call number Accession Number Koha item type Collection code Shelving location Source of acquisition Cost, normal purchase price
      KAUAET KAUAET 07/04/2012 631.45 18689 Books        
      KAUAET KAUAET 09/03/1987 631.45 16049 Books        
      KAUAET KAUAET 29/06/2016 631.45 DAT/SO 23972 Books   General Stacks Scientific Book Centre, Kochi 950.00
free website counter